| 000 | 00364 a2200169 4500 | ||
|---|---|---|---|
| 001 | 182196 | ||
| 020 | _a85-01-02612-3 | ||
| 040 | _cMagnum | ||
| 100 | _aAndrade, Carlos Drummond de | ||
| 240 | 1 | 0 |
_aAntologia poética _lpor |
| 245 | 1 | 0 | _aAntologia poética |
| 300 | _a271 | ||
| 362 | 0 | _a1999 | |
| 440 | 1 | _aRecord | |
| 697 | _aLITERATURA GERAL | ||
| 942 | _cBK | ||
| 999 |
_c182196 _d182196 |
||